[Event "NOR-chT Eliteserien 2021-22"]
[Site "Norway"]
[Date "2022.03.05"]
[Round "8.24"]
[White "Nilssen, Ellen Fredericia"]
[Black "Mansoor, Afras"]
[Result "1-0"]
[WhiteElo "2110"]
[BlackElo "2003"]
[Annotator "NA"]
[PlyCount "99"]
[EventDate "2021.10.29"]
[EventType "team-tourn"]
[EventCountry "NOR"]
[SourceTitle "playchess.com"]
[Source "ChessBase"]
[SourceQuality "1"]
[TimeControl "40/5400+30:1800+30"]

1. d4 {[%emt 0:00:06]} Nf6 {[%emt 0:00:04]} 2. Nf3 {[%emt 0:00:07]} d5 {[%emt 0:00:04]} 3. c4 {[%emt 0:00:59]} e6 {[%emt 0:00:04]} 4. Nc3 {[%emt 0:00:05]} Bb4 {[%emt 0:00:04]} 5. e3 {[%emt 0:02:52]} O-O {[%emt 0:01:19]} 6. Bd2 {[%emt 0:00:17]} c5 {[%emt 0:06:50]} 7. a3 {[%emt 0:00:43]} Bxc3 {[%emt 0:04:15]} 8. Bxc3 {[%emt 0:00:11]} Ne4 {[%emt 0:01:40]} 9. Rc1 {[%emt 0:00:14]} Nxc3 {[%emt 0:07:52]} 10. Rxc3 {[%emt 0:00:14]} cxd4 {[%emt 0:04:44]} 11. Nxd4 {[%emt 0:00:12]} b6 {[%emt 0:06:02]} 12. cxd5 {[%emt 0:15:46]} Qxd5 {[%emt 0:00:58]} 13. Be2 {[%emt 0:00:08]} Bb7 {[%emt 0:02:30]} 14. Bf3 {[%emt 0:00:57]} Qd7 {[%emt 0:00:07]} 15. O-O {[%emt 0:00:38]} Na6 {[%emt 0:05:05]} 16. Bc6 {[%emt 0:13:35]} Qe7 {[%emt 0:09:57]} 17. Qf3 {[%emt 0:02:12]} Rab8 {[%emt 0:01:13]} 18. b4 {[%emt 0:06:55]} g6 {[%emt 0:07:20]} 19. Rfc1 {[%emt 0:11:41]} e5 {[%emt 0:03:50]} 20. Qe4 {[%emt 0:04:26]} Rfe8 {[%emt 0:07:43]} 21. Bxb7 {[%emt 0:07:24]} Qxb7 {[%emt 0:06:09]} 22. Nc6 {[%emt 0:00:46]} Re6 {[%emt 0:02:11]} 23. Qd3 {[%emt 0:06:33]} Nc5 {[%emt 0:09:00]} 24. Rxc5 {[%emt 0:00:14]} bxc5 {[%emt 0:00:03]} 25. Nxb8 {[%emt 0:00:16]} Qxb8 {[%emt 0:01:00]} 26. Rxc5 {[%emt 0:01:38]} Rd6 {[%emt 0:07:14]} 27. Qc2 {[%emt 0:00:11]} Qd8 {[%emt 0:01:21]} 28. h3 {[%emt 0:03:23]} Qf6 {[%emt 0:01:34]} 29. Qe4 {[%emt 0:04:16]} Rd2 {[%emt 0:02:59]} 30. Qf3 {[%emt 0:05:23]} Qd6 {[%emt 0:01:42]} 31. g3 {[%emt 0:02:19]} Kg7 {[%emt 0:00:30]} 32. Kg2 {[%emt 0:01:31]} Ra2 {[%emt 0:00:23]} 33. Ra5 {[%emt 0:01:46]} a6 {[%emt 0:00:08]} 34. h4 {[%emt 0:01:43]} h5 {[%emt 0:00:11]} 35. Kh2 {[%emt 0:02:34]} Qe6 {[%emt 0:01:14]} 36. Kg2 {[%emt 0:01:15]} Qd6 {[%emt 0:00:03]} 37. Rd5 {[%emt 0:00:42]} e4 {[%emt 0:01:04]} 38. Qxf7+ {[%emt 0:01:17]} Kxf7 {[%emt 0:00:04]} 39. Rxd6 {[%emt 0:00:06]} Rxa3 {[%emt 0:00:03]} 40. Rd4 {[%emt 0:00:11]} Ra4 {[%emt 0:01:23]} 41. Rxe4 {[%emt 0:30:16]} a5 {[%emt 0:05:10]} 42. Rf4+ {[%emt 0:00:00]} Ke6 {[%emt 0:00:04]} 43. bxa5 {[%emt 0:00:00]} Rxa5 {[%emt 0:00:03]} 44. Kf3 {[%emt 0:00:00]} Ra1 {[%emt 0:01:48]} 45. Rb4 {[%emt 0:00:00]} Ra3 {[%emt 0:00:55]} 46. Kf4 {[%emt 0:00:00]} Ra5 {[%emt 0:00:26]} 47. Rb6+ {[%emt 0:00:00]} Kf7 {[%emt 0:00:06]} 48. e4 {[%emt 0:00:00]} Kg7 {[%emt 0:00:42]} 49. f3 {[%emt 0:00:00]} Ra3 {[%emt 0:00:29]} 50. e5 {[%emt 0:00:00]} 1-0

[Event "NOR-chT Eliteserien 2021-22"]
[Site "Norway"]
[Date "2022.03.05"]
[Round "8.25"]
[White "Miezis, Normunds"]
[Black "Blomqvist, Erik"]
[Result "0-1"]
[WhiteElo "2445"]
[BlackElo "2536"]
[Annotator "ChessBase"]
[PlyCount "92"]
[EventDate "2021.10.29"]
[EventType "team-tourn"]
[EventCountry "NOR"]
[SourceTitle "playchess.com"]
[Source "ChessBase"]
[SourceQuality "1"]
[TimeControl "40/5400+30:1800+30"]

1. c4 {[%emt 0:00:05]} e6 {[%emt 0:00:10]} 2. e4 {[%emt 0:00:39]} d5 {[%emt 0:00:12]} 3. exd5 {[%emt 0:00:19]} exd5 {[%emt 0:00:10]} 4. d4 {[%emt 0:00:15]} Nf6 {[%emt 0:00:20]} 5. Nc3 {[%emt 0:01:20]} Bb4 {[%emt 0:00:37]} 6. Bd3 {[%emt 0:02:56]} O-O {[%emt 0:00:54]} 7. Nge2 {[%emt 0:00:41]} dxc4 {[%emt 0:00:41]} 8. Bxc4 {[%emt 0:00:14]} Nbd7 {[%emt 0:00:35]} 9. O-O {[%emt 0:16:15]} Nb6 {[%emt 0:00:23]} 10. Bb3 {[%emt 0:03:19]} c6 {[%emt 0:00:28]} 11. Bg5 {[%emt 0:04:33]} Re8 {[%emt 0:02:45]} 12. Qd3 {[%emt 0:10:23]} Be6 {[%emt 0:01:08]} 13. Bxe6 {[%emt 0:04:41]} Rxe6 {[%emt 0:00:34]} 14. Rad1 {[%emt 0:02:05]} h6 {[%emt 0:05:52]} 15. Bh4 {[%emt 0:02:12]} Qd7 {[%emt 0:10:05]} 16. Nf4 {[%emt 0:09:27]} Rd6 {[%emt 0:00:32]} 17. Bg3 {[%emt 0:00:20]} Rd8 {[%emt 0:13:10]} 18. a3 {[%emt 0:10:00]} Bxc3 {[%emt 0:00:23]} 19. bxc3 {[%emt 0:00:11]} c5 {[%emt 0:00:41]} 20. Ne2 {[%emt 0:05:31]} c4 {[%emt 0:01:47]} 21. Qf3 {[%emt 0:05:14]} Rd5 {[%emt 0:03:16]} 22. Bf4 {[%emt 0:03:29]} Nh7 {[%emt 0:18:14]} 23. Ng3 {[%emt 0:04:08]} Ng5 {[%emt 0:02:05]} 24. Bxg5 {[%emt 0:00:53]} hxg5 {[%emt 0:00:05]} 25. Rde1 {[%emt 0:00:43]} Ra5 {[%emt 0:05:24]} 26. h3 {[%emt 0:05:39]} Nd5 {[%emt 0:01:47]} 27. Ne4 {[%emt 0:03:27]} Rxa3 {[%emt 0:04:15]} 28. Ra1 {[%emt 0:00:15]} Rxa1 {[%emt 0:16:23]} 29. Rxa1 {[%emt 0:00:06]} b6 {[%emt 0:00:37]} 30. Nxg5 {[%emt 0:00:32]} Re8 {[%emt 0:00:14]} 31. Ne4 {[%emt 0:02:05]} a5 {[%emt 0:01:04]} 32. h4 {[%emt 0:00:49]} Qc6 {[%emt 0:04:42]} 33. Ng5 {[%emt 0:02:04]} f6 {[%emt 0:00:58]} 34. Ne4 {[%emt 0:00:34]} Nc7 {[%emt 0:05:05]} 35. Re1 {[%emt 0:00:43]} Qb5 {[%emt 0:01:13]} 36. Kh2 {[%emt 0:00:41]} Re6 {[%emt 0:00:42]} 37. h5 {[%emt 0:01:08]} f5 {[%emt 0:00:39]} 38. Qg3 {[%emt 0:00:58]} Qd7 {[%emt 0:00:22]} 39. f3 {[%emt 0:00:16]} fxe4 {[%emt 0:00:10]} 40. fxe4 {[%emt 0:00:13]} Qf7 {[%emt 0:01:00]} 41. d5 {[%emt 0:30:08]} Qxh5+ {[%emt 0:01:33]} 42. Kg1 {[%emt 0:00:00]} Qe5 {[%emt 0:02:56]} 43. Qxe5 {[%emt 0:00:00]} Rxe5 {[%emt 0:00:05]} 44. Rb1 {[%emt 0:00:00]} b5 {[%emt 0:01:21]} 45. Kf2 {[%emt 0:00:00]} Kf7 {[%emt 0:01:42]} 46. Ke3 {[%emt 0:00:00]} Ke7 {[%emt 0:02:59]} 0-1

[Event "NOR-chT Eliteserien 2021-22"]
[Site "Norway"]
[Date "2022.03.05"]
[Round "8.26"]
[White "Djurhuus, Rune"]
[Black "Ostenstad, Berge"]
[Result "1/2-1/2"]
[WhiteElo "2403"]
[BlackElo "2455"]
[Annotator "ChessBase"]
[PlyCount "99"]
[EventDate "2021.10.29"]
[EventType "team-tourn"]
[EventCountry "NOR"]
[SourceTitle "playchess.com"]
[Source "ChessBase"]
[SourceQuality "1"]
[TimeControl "40/5400+30:1800+30"]

1. e4 {[%emt 1:31:00]} c5 {[%emt 1:31:00]} 2. Nf3 {[%emt 0:00:30]} e6 {[%emt 0:00:30]} 3. d4 {[%emt 0:00:30]} cxd4 {[%emt 0:00:30]} 4. Nxd4 {[%emt 0:00:30]} Nc6 {[%emt 0:00:30]} 5. Nc3 {[%emt 0:00:30]} a6 {[%emt 0:00:30]} 6. Be3 {[%emt 0:00:30]} Nf6 {[%emt 0:00:30]} 7. a3 {[%emt 0:00:30]} Qc7 {[%emt 0:00:30]} 8. f4 {[%emt 0:00:30]} d6 {[%emt 0:00:30]} 9. Bd3 {[%emt 0:00:30]} Be7 {[%emt 0:00:30]} 10. Qf3 {[%emt 0:00:30]} O-O {[%emt 0:00:30]} 11. O-O {[%emt 0:00:30]} Nxd4 {[%emt 0:00:30]} 12. Bxd4 {[%emt 0:00:30]} e5 {[%emt 0:00:30]} 13. Be3 {[%emt 0:00:30]} exf4 {[%emt 0:00:30]} 14. Qxf4 {[%emt 0:00:30]} Be6 {[%emt 0:00:30]} 15. Bd4 {[%emt 0:00:30]} Nd7 {[%emt 0:00:30]} 16. Nd5 {[%emt 0:00:30]} Bxd5 {[%emt 0:00:30]} 17. exd5 {[%emt 0:00:30]} Ne5 {[%emt 0:00:30]} 18. Qg3 {[%emt 0:00:30]} Rae8 {[%emt 0:00:30]} 19. Rae1 {[%emt 0:00:30]} g6 {[%emt 0:00:30]} 20. Kh1 {[%emt 0:00:30]} Qd8 {[%emt 0:00:30]} 21. Bxe5 {[%emt 0:00:30]} dxe5 {[%emt 0:00:30]} 22. Rxe5 {[%emt 0:00:30]} Bd6 {[%emt 0:00:30]} 23. Rxe8 {[%emt 0:00:30]} Rxe8 {[%emt 0:00:30]} 24. Qf2 {[%emt 0:00:30]} Qe7 {[%emt 0:00:30]} 25. g3 {[%emt 0:00:30]} f5 {[%emt 0:00:30]} 26. b4 {[%emt 0:00:30]} a5 {[%emt 0:00:30]} 27. Qd4 {[%emt 0:00:30]} axb4 {[%emt 0:00:30]} 28. axb4 {[%emt 0:00:30]} h5 {[%emt 0:00:30]} 29. Rb1 {[%emt 0:00:30]} Ra8 {[%emt 0:00:30]} 30. c4 {[%emt 0:00:30]} b6 {[%emt 0:00:30]} 31. Qxb6 {[%emt 0:00:30]} Rb8 {[%emt 0:00:30]} 32. Qc6 {[%emt 0:00:30]} Rxb4 {[%emt 0:00:30]} 33. Rxb4 {[%emt 0:00:30]} Qe1+ {[%emt 0:00:30]} 34. Kg2 {[%emt 0:00:30]} Qxb4 {[%emt 0:00:30]} 35. Qe8+ {[%emt 0:00:30]} Kg7 {[%emt 0:00:30]} 36. Qd7+ {[%emt 0:00:30]} Kh6 {[%emt 0:00:30]} 37. Kh3 {[%emt 0:00:30]} Bf8 {[%emt 0:00:30]} 38. Qe6 {[%emt 0:00:30]} Kg7 {[%emt 0:00:30]} 39. Qe5+ {[%emt 0:00:30]} Kg8 {[%emt 0:00:30]} 40. Qe6+ {[%emt 0:00:30]} Kg7 {[%emt 0:00:30]} 41. Qe5+ {[%emt 0:30:30]} Kg8 {[%emt 0:30:30]} 42. Bxf5 {[%emt 0:00:30]} gxf5 {[%emt 0:00:30]} 43. Qxf5 {[%emt 0:00:30]} Qxc4 {[%emt 0:00:30]} 44. Qg6+ {[%emt 0:00:30]} Bg7 {[%emt 0:00:30]} 45. Qe6+ {[%emt 0:00:30]} Kh7 {[%emt 0:00:30]} 46. Qf5+ {[%emt 0:00:30]} Kh6 {[%emt 0:00:30]} 47. d6 {[%emt 0:00:30]} Qd4 {[%emt 0:00:30]} 48. d7 {[%emt 0:00:30]} Bf6 {[%emt 0:00:30]} 49. Qf4+ {[%emt 0:00:30]} Qxf4 {[%emt 0:00:30]} 50. gxf4 {[%emt 0:00:30]} 1/2-1/2

[Event "NOR-chT Eliteserien 2021-22"]
[Site "Norway"]
[Date "2022.03.05"]
[Round "8.27"]
[White "Haubro, Martin"]
[Black "Sjoberg, Isak"]
[Result "0-1"]
[WhiteElo "2399"]
[BlackElo "2322"]
[Annotator "NA"]
[PlyCount "50"]
[EventDate "2021.10.29"]
[EventType "team-tourn"]
[EventCountry "NOR"]
[SourceTitle "playchess.com"]
[Source "ChessBase"]
[SourceQuality "1"]
[TimeControl "40/5400+30:1800+30"]

1. e4 {[%emt 0:00:03]} e5 {[%emt 0:00:25]} 2. Nf3 {[%emt 0:00:04]} Nc6 {[%emt 0:00:30]} 3. Bb5 {[%emt 0:00:09]} a6 {[%emt 0:00:53]} 4. Ba4 {[%emt 0:00:04]} Nf6 {[%emt 0:00:13]} 5. O-O {[%emt 0:00:05]} Be7 {[%emt 0:00:04]} 6. Re1 {[%emt 0:00:04]} b5 {[%emt 0:00:05]} 7. Bb3 {[%emt 0:00:03]} O-O {[%emt 0:00:08]} 8. a4 {[%emt 0:00:39]} b4 {[%emt 0:01:14]} 9. a5 {[%emt 0:00:27]} d6 {[%emt 0:00:06]} 10. c3 {[%emt 0:00:23]} Rb8 {[%emt 0:12:17]} 11. Bc4 {[%emt 0:01:10]} bxc3 {[%emt 0:07:21]} 12. dxc3 {[%emt 0:20:01]} Bb7 {[%emt 0:05:51]} 13. Qd3 {[%emt 0:02:25]} Qc8 {[%emt 0:02:12]} 14. Nbd2 {[%emt 0:01:08]} Nd8 {[%emt 0:04:40]} 15. Nf1 {[%emt 0:05:37]} d5 $18 {[%emt 0:15:04]} (15... Re8 $11 {and Black stays safe.}) 16. exd5 {[%emt 0:08:22]} e4 {[%emt 0:00:35]} 17. Rxe4 {[%emt 0:00:04]} Nxe4 {[%emt 0:00:06]} 18. Qxe4 {[%emt 0:00:04]} Bd6 {[%emt 0:04:10]} 19. Ng5 {[%emt 0:18:31]} f5 {[%emt 0:01:23]} 20. Qh4 {[%emt 0:00:05]} h6 {[%emt 0:00:31]} 21. Ne6 {[%emt 0:00:06]} Nxe6 {[%emt 0:06:16]} 22. dxe6 {[%emt 0:00:04]} Kh7 {[%emt 0:00:39]} 23. e7 {[%emt 0:31:25]} Rf6 {[%emt 0:13:36]} 24. Ng3 {[%emt 0:02:09]} Qd7 {[%emt 0:01:59]} 25. f3 {[%emt 0:03:54]} Bc5+ {[%emt 0:03:14]} 0-1

[Event "NOR-chT Eliteserien 2021-22"]
[Site "Norway"]
[Date "2022.03.05"]
[Round "8.28"]
[White "Tryggestad, Andreas Garberg"]
[Black "Tisdall, Jonathan D"]
[Result "1-0"]
[WhiteElo "2273"]
[BlackElo "2414"]
[Annotator "NA"]
[PlyCount "81"]
[EventDate "2021.10.29"]
[EventType "team-tourn"]
[EventCountry "NOR"]
[SourceTitle "playchess.com"]
[Source "ChessBase"]
[SourceQuality "1"]
[TimeControl "40/5400+30:1800+30"]

1. d4 {[%emt 1:31:00]} f5 {[%emt 1:31:00]} 2. c4 {[%emt 0:00:30]} Nf6 {[%emt 0:00:30]} 3. Nc3 {[%emt 0:00:30]} e6 {[%emt 0:00:30]} 4. Nf3 {[%emt 0:00:30]} b6 {[%emt 0:00:30]} 5. g3 {[%emt 0:00:30]} Bb7 {[%emt 0:00:30]} 6. Bg2 {[%emt 0:00:30]} g6 {[%emt 0:00:30]} 7. d5 {[%emt 0:00:30]} Bg7 {[%emt 0:00:30]} 8. dxe6 {[%emt 0:00:30]} dxe6 {[%emt 0:00:30]} 9. Qxd8+ {[%emt 0:00:30]} Kxd8 {[%emt 0:00:30]} 10. Bf4 {[%emt 0:00:30]} Na6 {[%emt 0:00:30]} (10... Kc8 $11 {feels stronger.}) 11. Nb5 {[%emt 0:00:30]} ({White should play} 11. O-O $14) 11... Nh5 {[%emt 0:00:30]} 12. Bg5+ {[%emt 0:00:30]} Kc8 {[%emt 0:00:30]} 13. O-O-O {[%emt 0:00:30]} e5 {[%emt 0:00:30]} 14. Bh3 {[%emt 0:00:30]} Nf6 {[%emt 0:00:30]} 15. Bxf6 $11 {[%emt 0:00:30]} ({But not} 15. Nxe5 Bxh1 16. Rxh1 Ne4 $17) 15... Bxf6 {[%emt 0:00:30]} 16. g4 {[%emt 0:00:30]} Bxf3 {[%emt 0:00:30]} 17. exf3 {[%emt 0:00:30]} Bg5+ {[%emt 0:00:30]} 18. f4 {[%emt 0:00:30]} Bxf4+ {[%emt 0:00:30]} 19. Kb1 Rf8 {[%emt 0:00:30]} 20. gxf5 {[%emt 0:01:00]} gxf5 {[%emt 0:00:30]} 21. Bg2 {[%emt 0:00:30]} e4 {[%emt 0:00:30]} 22. Nd4 {[%emt 0:00:30]} Be5 {[%emt 0:00:30]} 23. Nxf5 {[%emt 0:00:30]} c6 {[%emt 0:00:30]} 24. Bxe4 {[%emt 0:00:30]} Nc5 {[%emt 0:00:30]} 25. Bc2 {[%emt 0:00:30]} Kc7 {[%emt 0:00:30]} 26. Rhe1 {[%emt 0:00:30]} Rae8 {[%emt 0:00:30]} 27. Re3 {[%emt 0:00:30]} Bf4 {[%emt 0:00:30]} 28. Rf3 {[%emt 0:00:30]} Bg5 {[%emt 0:00:30]} 29. Rg3 {[%emt 0:00:30]} h6 {[%emt 0:00:30]} 30. h4 {[%emt 0:00:30]} Bf6 {[%emt 0:00:30]} 31. Rg6 {[%emt 0:00:30]} Re2 {[%emt 0:00:30]} 32. Rxh6 {[%emt 0:00:30]} Rxf2 {[%emt 0:00:30]} 33. Rh7+ {[%emt 0:00:30]} Kb8 {[%emt 0:00:30]} 34. b4 {[%emt 0:00:30]} Na4 {[%emt 0:00:30]} 35. Bxa4 {[%emt 0:00:30]} Rxf5 {[%emt 0:00:30]} 36. Bxc6 {[%emt 0:00:30]} Rf2 {[%emt 0:00:30]} 37. Rb7+ {[%emt 0:00:30]} Kc8 {[%emt 0:00:30]} 38. Rxa7 {[%emt 0:00:30]} Bxh4 {[%emt 0:00:30]} 39. Rdd7 {[%emt 0:00:30]} Bg3 {[%emt 0:00:30]} 40. Re7 {[%emt 0:00:30]} Rh2 {[%emt 0:00:30]} 41. Bf3 {[%emt 0:30:30]} 1-0

[Event "NOR-chT Eliteserien 2021-22"]
[Site "Norway"]
[Date "2022.03.05"]
[Round "8.29"]
[White "Sahl, Bjarke"]
[Black "Torngren, Gustav"]
[Result "1/2-1/2"]
[WhiteElo "2306"]
[BlackElo "2229"]
[Annotator "NA"]
[PlyCount "104"]
[EventDate "2021.10.29"]
[EventType "team-tourn"]
[EventCountry "NOR"]
[SourceTitle "playchess.com"]
[Source "ChessBase"]
[SourceQuality "1"]
[TimeControl "40/5400+30:1800+30"]

1. d4 {[%emt 0:00:06]} d5 {[%emt 0:00:22]} 2. c4 {[%emt 0:01:33]} e6 {[%emt 0:02:48]} 3. Nc3 {[%emt 0:00:44]} a6 {[%emt 0:01:08]} 4. cxd5 {[%emt 0:02:50]} exd5 {[%emt 0:00:12]} 5. Nf3 {[%emt 0:00:03]} h6 {[%emt 0:01:17]} 6. Bf4 {[%emt 0:00:59]} Nf6 {[%emt 0:00:10]} 7. e3 {[%emt 0:00:05]} Bd6 {[%emt 0:01:06]} 8. Bxd6 {[%emt 0:04:50]} Qxd6 {[%emt 0:00:24]} 9. Bd3 {[%emt 0:00:31]} O-O {[%emt 0:01:06]} 10. h3 {[%emt 0:04:22]} Nbd7 {[%emt 0:16:54]} 11. O-O {[%emt 0:11:46]} Re8 {[%emt 0:00:47]} 12. a3 {[%emt 0:10:06]} c6 {[%emt 0:00:22]} 13. Qc2 {[%emt 0:03:15]} Qe7 {[%emt 0:08:51]} 14. Rae1 {[%emt 0:06:43]} Ne4 {[%emt 0:01:07]} 15. Bxe4 {[%emt 0:01:04]} dxe4 {[%emt 0:00:08]} 16. Nd2 {[%emt 0:00:03]} Nf6 {[%emt 0:00:30]} 17. f3 {[%emt 0:04:28]} exf3 {[%emt 0:04:06]} 18. Nxf3 {[%emt 0:02:54]} Ne4 {[%emt 0:07:28]} 19. Ne5 {[%emt 0:04:39]} Nd6 {[%emt 0:01:32]} 20. e4 $11 {[%emt 0:02:33]} Qg5 {[%emt 0:01:14]} 21. Qf2 {[%emt 0:15:05]} Be6 {[%emt 0:08:00]} 22. Nf3 {[%emt 0:02:07]} Qg6 {[%emt 0:02:05]} 23. Nh4 {[%emt 0:01:28]} Qg5 {[%emt 0:08:58]} 24. Nf3 {[%emt 0:07:41]} Qh5 {[%emt 0:02:38]} 25. Qg3 {[%emt 0:01:29]} Rad8 {[%emt 0:01:56]} 26. Rf2 {[%emt 0:05:37]} Qa5 {[%emt 0:04:42]} 27. Qf4 {[%emt 0:02:56]} Rf8 {[%emt 0:02:49]} 28. d5 {[%emt 0:01:11]} cxd5 {[%emt 0:01:27]} 29. exd5 {[%emt 0:00:05]} Bc8 {[%emt 0:01:32]} 30. Nd2 {[%emt 0:02:42]} b5 {[%emt 0:00:52]} 31. Ref1 {[%emt 0:00:35]} Bb7 {[%emt 0:00:19]} 32. Qd4 {[%emt 0:00:12]} Qc7 {[%emt 0:00:45]} 33. Rf4 {[%emt 0:00:56]} f6 {[%emt 0:04:31]} 34. Nde4 {[%emt 0:00:38]} Nxe4 {[%emt 0:01:15]} 35. Rxe4 {[%emt 0:00:07]} Rd7 {[%emt 0:02:34]} 36. Rfe1 {[%emt 0:01:07]} Rfd8 {[%emt 0:06:05]} 37. Re8+ {[%emt 0:00:09]} Rxe8 {[%emt 0:00:12]} 38. Rxe8+ {[%emt 0:00:05]} Kf7 {[%emt 0:00:04]} 39. Re2 {[%emt 0:00:43]} Qd6 {[%emt 0:04:24]} 40. Kf2 {[%emt 0:00:44]} Re7 {[%emt 0:01:37]} 41. Rxe7+ {[%emt 0:30:49]} Kxe7 {[%emt 0:30:23]} 42. b4 {[%emt 0:00:20]} Kd8 {[%emt 0:00:00]} 43. g3 {[%emt 0:00:00]} Qe5 {[%emt 0:00:00]} 44. Qb6+ {[%emt 0:00:00]} Kc8 {[%emt 0:00:00]} 45. Qc5+ {[%emt 0:00:00]} Kd7 {[%emt 0:00:00]} 46. h4 {[%emt 0:00:00]} Qf5+ {[%emt 0:00:00]} 47. Ke3 {[%emt 0:00:00]} Qe5+ {[%emt 0:00:00]} 48. Kf2 {[%emt 0:00:00]} h5 {[%emt 0:00:00]} 49. a4 {[%emt 0:00:00]} Qf5+ {[%emt 0:00:00]} 50. Ke3 {[%emt 0:00:00]} Qe5+ {[%emt 0:00:00]} 51. Kf2 {[%emt 0:00:00]} Qf5+ {[%emt 0:00:00]} 52. Ke3 {[%emt 0:00:00]} Qe5+ {[%emt 0:00:00]} 1/2-1/2

[Event "NOR-chT Eliteserien 2021-22"]
[Site "Norway"]
[Date "2022.03.05"]
[Round "8.30"]
[White "Nordquelle, Daniel"]
[Black "Aulin-Jansson, Joran"]
[Result "0-1"]
[WhiteElo "2130"]
[BlackElo "2214"]
[Annotator "NA"]
[PlyCount "66"]
[EventDate "2021.10.29"]
[EventType "team-tourn"]
[EventCountry "NOR"]
[SourceTitle "playchess.com"]
[Source "ChessBase"]
[SourceQuality "1"]
[TimeControl "40/5400+30:1800+30"]

1. e4 {[%emt 0:00:03]} e6 {[%emt 0:00:12]} 2. d4 {[%emt 0:00:13]} d5 {[%emt 0:00:06]} 3. Nd2 {[%emt 0:00:09]} dxe4 {[%emt 0:01:45]} 4. Nxe4 {[%emt 0:00:11]} Be7 {[%emt 0:00:07]} 5. Nf3 {[%emt 0:05:50]} Nf6 {[%emt 0:03:20]} 6. Bd3 {[%emt 0:01:12]} Nbd7 {[%emt 0:00:31]} 7. O-O {[%emt 0:03:50]} Nxe4 {[%emt 0:00:59]} 8. Bxe4 {[%emt 0:00:05]} Nf6 {[%emt 0:00:06]} 9. Bd3 {[%emt 0:00:05]} c5 {[%emt 0:00:35]} 10. Bf4 {[%emt 0:08:30]} O-O {[%emt 0:00:28]} 11. c4 {[%emt 0:10:54]} b6 {[%emt 0:00:31]} 12. Qe2 {[%emt 0:17:12]} Bb7 {[%emt 0:01:29]} 13. Rfd1 {[%emt 0:01:52]} Bd6 {[%emt 0:07:40]} 14. Be5 {[%emt 0:03:07]} Qe7 {[%emt 0:01:43]} 15. Qe3 {[%emt 0:20:55]} Rfd8 {[%emt 0:05:23]} 16. Qf4 {[%emt 0:01:18]} cxd4 {[%emt 0:02:28]} 17. Nxd4 {[%emt 0:01:31]} Bxe5 {[%emt 0:08:44]} 18. Qxe5 {[%emt 0:00:06]} Rd7 {[%emt 0:00:08]} 19. Bc2 {[%emt 0:04:21]} Rad8 {[%emt 0:00:51]} 20. Ba4 {[%emt 0:02:14]} Ng4 {[%emt 0:03:35]} 21. Qf4 {[%emt 0:13:34]} e5 {[%emt 0:00:21]} 22. Qxg4 {[%emt 0:00:57]} Rxd4 {[%emt 0:00:09]} 23. Qg3 {[%emt 0:02:50]} h5 {[%emt 0:01:02]} 24. Rxd4 {[%emt 0:00:34]} Rxd4 {[%emt 0:00:20]} 25. Bd1 {[%emt 0:00:05]} h4 {[%emt 0:00:35]} 26. Qc3 {[%emt 0:00:21]} Qd6 {[%emt 0:03:07]} 27. Be2 {[%emt 0:00:46]} Qg6 {[%emt 0:00:27]} 28. Bf3 {[%emt 0:00:32]} Rd3 {[%emt 0:00:21]} 29. Bxb7 {[%emt 0:00:57]} Rxc3 {[%emt 0:00:11]} 30. bxc3 {[%emt 0:00:03]} Qd3 {[%emt 0:00:36]} 31. Bd5 {[%emt 0:01:09]} Qxc3 {[%emt 0:02:35]} 32. Rd1 {[%emt 0:00:30]} Qc2 {[%emt 0:00:53]} 33. Ra1 {[%emt 0:00:23]} Qb2 {[%emt 0:00:21]} 0-1

[Event "NOR-chT Eliteserien 2021-22"]
[Site "Norway"]
[Date "2022.03.06"]
[Round "9.1"]
[White "Blomqvist, Erik"]
[Black "Risting, Eivind Olav"]
[Result "1-0"]
[WhiteElo "2536"]
[BlackElo "2311"]
[Annotator "ChessBase"]
[PlyCount "43"]
[EventDate "2021.10.29"]
[EventType "team-tourn"]
[EventCountry "NOR"]
[SourceTitle "playchess.com"]
[Source "ChessBase"]
[SourceQuality "1"]
[TimeControl "40/5400+30:1800+30"]

1. e4 {[%emt 0:00:09]} c5 {[%emt 0:00:11]} 2. Nf3 {[%emt 0:00:10]} d6 {[%emt 0:00:12]} 3. d4 {[%emt 0:01:07]} cxd4 {[%emt 0:00:09]} 4. Nxd4 {[%emt 0:00:09]} Nf6 {[%emt 0:00:11]} 5. Nc3 {[%emt 0:00:08]} Bd7 {[%emt 0:00:52]} 6. h3 {[%emt 0:02:06]} e6 {[%emt 0:03:03]} 7. g4 {[%emt 0:02:28]} h6 {[%emt 0:06:15]} 8. Be3 {[%emt 0:01:03]} Nc6 {[%emt 0:02:06]} 9. f4 {[%emt 0:04:21]} Be7 {[%emt 0:06:29]} 10. Qe2 {[%emt 0:05:49]} Nxd4 {[%emt 0:05:41]} 11. Bxd4 {[%emt 0:00:07]} Qa5 {[%emt 0:01:37]} 12. O-O-O {[%emt 0:07:37]} e5 {[%emt 0:12:35]} 13. Be3 {[%emt 0:04:38]} Rc8 {[%emt 0:04:23]} 14. Kb1 {[%emt 0:05:58]} Rxc3 {[%emt 0:13:27]} 15. Bd2 {[%emt 0:00:23]} Rxc2 {[%emt 0:09:52]} 16. Bxa5 {[%emt 0:00:06]} Rxe2 {[%emt 0:00:04]} 17. Bxe2 {[%emt 0:00:18]} Nxe4 {[%emt 0:04:01]} 18. fxe5 {[%emt 0:03:17]} dxe5 {[%emt 0:08:26]} 19. Rd5 {[%emt 0:04:04]} Ng3 {[%emt 0:06:45]} 20. Rhd1 {[%emt 0:03:41]} Bc6 {[%emt 0:04:32]} 21. Rxe5 {[%emt 0:02:51]} Nxe2 {[%emt 0:05:45]} 22. Rd8# {[%emt 0:00:11]} 1-0